| 000 | 00621nam a22002057a 4500 | ||
|---|---|---|---|
| 005 | 20251108170927.0 | ||
| 008 | 250721s1984 xx 000 0 ara d | ||
| 020 | _a2713006899 | ||
| 082 | 1 | 4 | _aط/ 621.388/تلف |
| 100 | 1 | _aآرفين، م | |
| 245 | 1 | 0 | _aالثورة الإلكترونية : التلفزيون والفيديو / |
| 264 | 1 |
_aباريس : _bدار غاما، _c1984. |
|
| 300 | _a27ص : مص | ||
| 650 | 1 | 7 | _aالتلفزيون |
| 650 | 1 | 7 | _aالبث التلفزيوني |
| 650 | 1 | 7 | _aالفيديو |
| 653 | _aناشئون صغار ( 10-14 سنة ) | ||
| 942 |
_2ddc _cBK |
||
| 999 |
_c52295 _d52295 |
||